|
|
|
|
| LEADER |
00000nmm0a2200000 4500 |
| 001 |
9957 |
| 005 |
20231030182722.0 |
| 010 |
|
|
|a 5887821698
|
| 035 |
|
|
|a (RuTPU)RU\TPU\book\10013
|
| 035 |
|
|
|a BOOK00010076
|
| 090 |
|
|
|a 9957
|
| 100 |
|
|
|a 20011209d1998 km y0rusy50 ca
|
| 101 |
0 |
|
|a rus
|
| 102 |
|
|
|a RU
|
| 105 |
|
|
|a y fg 000zy
|
| 200 |
1 |
|
|a Желтые страницы Internet`98
|a Компьютеры и телекоммуникации
|f Под ред. А. Сигалова
|
| 210 |
|
|
|a СПб.
|c Питер
|d 1998
|
| 215 |
|
|
|a 576 с.
|c ил.
|
| 225 |
1 |
|
|a Энциклопедия компьютерного мира
|
| 333 |
|
|
|a Исключено из фонда НТБ ТПУ
|
| 702 |
|
1 |
|a Сигалов
|b А.
|g Алексей
|4 340
|
| 801 |
|
0 |
|a RU
|b 63413507
|c 20011209
|g PSBO
|
| 801 |
|
2 |
|a RU
|b 63413507
|c 20150420
|g PSBO
|
| 942 |
|
|
|c MX
|